The fluffer /

Gorde:
Xehetasun bibliografikoak
Beste egile batzuk: Glatzer, Richard, Westmoreland, Wash, Cunio, Michael
Formatua: Diapositiba
Hizkuntza:ingelesa
Argitaratua: [Gran Bretagna] : Metrodome distribution, c2002
Etiketak: Etiketa erantsi
Etiketarik gabe, Izan zaitez lehena erregistro honi etiketa jartzen!

MARC

LEADER 00000ngm a22000007i 4500
001 IT\ICCU\UBO\3383856
003 ItRI
005 20260124182912.0
008 080229s2002 xxk|||||||||||||||k|||||c
028 4 2 |a MTD5085 
028 4 2 |a VFC34057 
040 |b ita 
041 7 |a eng  |2 ISO-639-2 
245 0 4 |a The fluffer /  |c a film by Richard Glatzner [sic!] & Wash West [sic!]. 
246 1 3 |a The fluffer <risorsa elettronica>  |9 IT\ICCU\UBO\3384001 
260 |a [Gran Bretagna] :  |b Metrodome distribution,  |c c2002 
300 |a 1 DVD (DVD5) (ca. 90 min.) :  |b color., son 
500 |a Codice area: 2; sistema e formato video: PAL, widescreen; sistema e formato audio: dolby digital 5.1 
500 |a Tit. del contenitore 
500 |a Film del 2001, prod. USA; interpreti: Scott Gurney, Michael Cunio, Roxanne Day 
500 |a Contenuti extra: trailer, cast principale e filmografie dei registi, note di produzione 
500 |a Vietato ai minori di 18 anni. 
700 1 |a Glatzer, Richard  |0 IT\ICCU\RAVV\077644 
700 1 |a Westmoreland, Wash  |0 IT\ICCU\UBOV\169111 
700 1 |a Cunio, Michael  |0 IT\ICCU\UBOV\226223 
942 |2 ddc  |c VM  |n 0 
952 |0 0  |1 0  |4 0  |6 VO_1486_000000000000000  |7 0  |9 27805  |a BO  |b BO  |d 2026-01-24  |i 11518  |l 0  |o VO 1486  |p BO11518  |r 2026-01-24 18:29:12  |w 2026-01-24  |x [Sebina 5] [1 DVD]  |y VM  |z 1 DVD 
999 |c 23569  |d 23569